000 00557nam a2200193 a 4500
005 20210219160022.0
008 080613s1985 mx r 000 0 spa d
020 _a9211002850
035 _aUPN01000156870
049 _aUNE
080 _a341.123 =20 UNI.
245 0 4 _aThe United Nations at forty :
_ba foundation to build on.
260 _aNew York :
_bONU,
_c1985,
300 _a202 p. :
_bretrs.
690 _aONU - Organizaciones internacionales
690 _aOrganizaciones internacionales - ONU
710 2 _aNaciones Unidas
905 _aUNESCO
999 _c128984
_d128984